Equations différentielles ordinaires

Salvato in:
Dettagli Bibliografici
Autore principale: Cauchy, Augustin Louis (Autore)
Natura: Libro
Lingua:francese
Pubblicazione: París Etudes Vivantes 1981
Soggetti:
Tags: Aggiungi Tag
Nessun Tag, puoi essere il primo ad aggiungerne!!

MARC

LEADER 00000nam a2200000 a 4500
001 UCW0756
003 CL-VaPUC
008 890508e19810000FR |||||||||||||||||fre|d
082 0 4 |a 515.352  |b CAU  |2 21 
100 0 |a Cauchy, Augustin Louis  |e author  |9 304675 
245 1 0 |a Equations différentielles ordinaires 
300 |a 146 p 
942 |c BK 
945 |d 19890508 00:00:00 
260 |a París  |b Etudes Vivantes  |c 1981 
650 0 |a Ecuaciones diferenciales ordinarias  |9 270041 
583 |a last modification  |c 19890508 00:00:00  |k Rodrigo Vera 
999 |c 215815  |d 215813 
952 |0 0  |1 0  |4 0  |6 515_352000000000000_CAU_1981  |7 0  |8 A  |9 200887  |a BIBMAT  |b BIBMAT  |d 2019-11-14  |i 2680114  |o 515.352 CAU 1981  |p 2680114  |r 2025-01-07  |w 2019-11-14  |y BK  |k MAT